Movies Quiz

Random Movies Quiz

Movies by Shirt Quiz Stats

 Plays Quiz Updated Oct 15, 2012

Also try: Movies by Mask II
Challenge
Share
Tweet
Score 0/24 Timer 07:00
1 Play Today
Column Movie % Correct
Napoleon Dynamite
81.1%
The Hangover
74.1%
Dodgeball: A True Underdog Story
74.1%
Beavis and Butt-Head Do America
72.9%
Animal House
63.9%
Juno
63.3%
The Punisher
55.3%
The Bad News Bears
40.4%
Happy Gilmore
31.8%
Ferris Bueller's Day Off
31.7%
Almost Famous
31.7%
Dazed and Confused
29.8%
Column Movie % Correct
Pulp Fiction
17.6%
Shaun of the Dead
15.7%
Gangs of New York
12.9%
This Is Spinal Tap
10%
What About Bob?
8.8%
Beverly Hills Cop
8.4%
Step Brothers
7.1%
Scott Pilgrim vs. the World
6.7%
Police Academy
4.9%
Fight Club
4.9%
The Color of Money
4.3%
Weekend at Bernie's
2.2%

You're not logged in!

Compare scores with friends on all Sporcle quizzes.
Join for Free
OR
Log In

You Might Also Like...

Show Comments

Extras

Top Quizzes Today


Score Distribution

Your Account Isn't Verified!

In order to create a playlist on Sporcle, you need to verify the email address you used during registration. Go to your Sporcle Settings to finish the process.

Report this User

Report this user for behavior that violates our Community Guidelines.

Details: